000 01377cam a2200289 a 4500
999 _c841
_d841
001 .b20111964
003 OCoLC
005 20191223110028.0
008 110705s2011 enk 000 1 eng d
015 _aGBB183761
_2bnb
020 _a9781444734645 (pbk.)
035 _a(OCoLC)751801187
_z(OCoLC)761344074
_z(OCoLC)861263264
040 _aUKMGB
_beng
_cUKMGB
_dNZGPL
_dOCLCQ
_dOCLCO
_dNZUPM
_dAU@
_dBDX
_dAUMCS
_dTWFJU
042 _anbic
082 _aFIC HOU
100 1 _aHouck, Colleen.
_eauthor
245 1 0 _aTiger's voyage /
_cby Colleen Houck.
260 _aLondon :
_bHodder & Stoughton,
_c2011.
300 _a543 p. ;
_c20 cm.
440 _aTiger Saga ;
_nbk. 3.
520 _aWith the head-to-head battle against the villainous Lokesh behind her, Kelsey confronts a new heartbreak: in the wake of his traumatic experience, her beloved Ren no longer remembers who she is. As the trio continues their quest by challenging five cunning and duplicitous dragons, Ren and Kishan once more vie for her affections - leaving Kelsey more confused than ever. Fraught with danger, filled with magic, and packed with romance, Tiger's Voyage brings Kelsey and her two tiger princes one step closer to breaking the curse.
600 1 0 _aHouck, Colleen.
_tTiger's voyage.
650 0 _aFantasy.
651 0 _aIndia
_vJuvenile fiction.
655 0 _aFantasy fiction.
942 _2ddc
_cFIC